AUTOMOBILE BRAKES AND BRAKING SYSTEM MOTOR MANUALS (Record no. 581582)

000 -LEADER
fixed length control field 00319nam a22001217a 4500
020 ## - INTERNATIONAL STANDARD BOOK NUMBER
International Standard Book Number 0-412-14020-9
082 ## - DEWEY DECIMAL CLASSIFICATION NUMBER
Classification number 629.246 NEW'A
100 ## - MAIN ENTRY--PERSONAL NAME
Personal name NEWCOMB, T. P,SPURT, R. T
9 (RLIN) 76174
245 ## - TITLE STATEMENT
Title AUTOMOBILE BRAKES AND BRAKING SYSTEM MOTOR MANUALS
260 ## - PUBLICATION, DISTRIBUTION, ETC.
Place of publication, distribution, etc. LONDON
Name of publisher, distributor, etc. CHAPMAN & HALL
Date of publication, distribution, etc. 1975
300 ## - PHYSICAL DESCRIPTION
Extent VOL-8
942 ## - ADDED ENTRY ELEMENTS (KOHA)
Koha item type Book
Holdings
Withdrawn status Lost status Damaged status Not for loan Permanent Location Current Location Shelving location Date acquired Total Checkouts Full call number Barcode Date last seen Price effective from Koha item type
        College of Electrical & Mechanical Engineering (CEME) College of Electrical & Mechanical Engineering (CEME) General Stacks 05/26/2017   629.246 NEW'A CEME-11721 06/28/2021 06/28/2021 Book
        College of Electrical & Mechanical Engineering (CEME) College of Electrical & Mechanical Engineering (CEME) General Stacks 05/26/2017   629.246 NEW'A CEME-11734 06/28/2021 06/28/2021 Book
© 2023 Central Library, National University of Sciences and Technology. All Rights Reserved.